000 00443nam a22001697a 4500
003 NUST - PNEC
005 20170116181029.0
008 150919b xxu||||| |||| 00| 0 eng d
020 _a0672306476
040 _cLIBRARY
082 _a005.369 KRU
100 _910997
_aKrumm, Rob
245 _aMicrosoft Office developer's guide
_c Rob Krumm
260 _cc.1995
650 _910998
_aMicrosoft Excel (Computer file)
_xMIS
942 _2ddc
_cBK
999 _c67685
_d67685